00351nam a2200133Ia 45000010005000000080041000050820022000461000059000682450017001272600024001445900007001689010027001759990015002021294241024s9999 xx 000 0 und d aRD/351/R426m/1997 aRepública Dominicana.Oficina Nacional de Presupuesto 0aMemoria 1997 bSanto Domingoc1998 asi a16/3/2011 3:13:57 p.m. c9484d9484